Cenové skoky počas finančnej neistoty: od intuície ku regulačnej perspektíve
Analýza dát Burzy cenných papierov v Prahe (PSE) a Burzy cenných papierov v New Yorku (NYSE) s cieľom odhaliť odchýlky v extrémnych cenových pohyboch a trhovú výbušnosť v období pádu Lehman Brothers. Dáta od januára 2008 po júl 2009. Analýza s ohľadom na kreditné deriváty CDS.
Gespeichert in:
| 1. Verfasser: | |
|---|---|
| Weitere Verfasser: | |
| Format: | Buchkapitel |
| Sprache: | Tschechisch |
| Schlagworte: | |
| Tags: |
Keine Tags, Fügen Sie das erste Tag hinzu!
|
MARC
| LEADER | 00000naa a2200000 4500 | ||
|---|---|---|---|
| 001 | 0184178 | ||
| 005 | 20231207125534.9 | ||
| 041 | 0 | |a cze | |
| 044 | |a CZ | ||
| 245 | 1 | 0 | |a Cenové skoky počas finančnej neistoty: od intuície ku regulačnej perspektíve |c Jan Hanousek, Jan Novotný |
| 520 | |a Analýza dát Burzy cenných papierov v Prahe (PSE) a Burzy cenných papierov v New Yorku (NYSE) s cieľom odhaliť odchýlky v extrémnych cenových pohyboch a trhovú výbušnosť v období pádu Lehman Brothers. Dáta od januára 2008 po júl 2009. Analýza s ohľadom na kreditné deriváty CDS. | ||
| 610 | 2 | 0 | |a burzy cenných papierov |
| 610 | 2 | 0 | |a kríza finančná |
| 610 | 2 | 0 | |a šoky hospodárske |
| 610 | 2 | 0 | |a regulácia finančná |
| 610 | 2 | 0 | |a politika menová |
| 100 | 1 | |a Hanousek, Jan | |
| 700 | 1 | |a Novotný, Jan | |